Petroleum and the marine environment

Αποθηκεύτηκε σε:
Λεπτομέρειες βιβλιογραφικής εγγραφής
Συγγραφή απο Οργανισμό/Αρχή: Eurocean (Association Europeenne Oceanique)
Μορφή: Βιβλίο
Γλώσσα:English
Δημοσίευση: London : Graham and Trotman, 1981
Θέματα:
Ετικέτες: Προσθήκη ετικέτας
Δεν υπάρχουν, Καταχωρήστε ετικέτα πρώτοι!

MARC

LEADER 00000nam a2200000 i 4500
001 1/91635
008 960625s1981 eng d
020 |a 0-86010-215-7 
035 |l 10008113 
040 |a GR-MY-UA  |b gre  |e aacr 
041 0 |a eng 
082 0 |a 622.3382 
110 2 |a Eurocean (Association Europeenne Oceanique) 
245 1 0 |a Petroleum and the marine environment /  |c Eurocean (Association Europeenne Oceanique) 
260 |a London :   |b Graham and Trotman,   |c 1981 
500 |a Petromar 80 : under thw High Pattronage of HSH Prince Rainier III of Monaco 
650 0 0 |a Petroleum mining. 
650 0 0 |a Petroleum  |x Transportation. 
650 0 0 |a Oil pollution of the sea. 
650 0 0 |a Marine pollution. 
852 |a INST  |b LESVOS  |e 19960625  |h 622.3382 PET  |p 005100009795  |q 005100009795  |t BK  |y 0 
909 |a Λ  |b 005114